| 000 | 00862nam a2200277 a 4500 | ||
|---|---|---|---|
| 001 | |||
| 003 | DO-SdBNP | ||
| 005 | 20220824115143.0 | ||
| 008 | 091009s2007 dr 000 p spa d | ||
| 022 | _a9789945068214 | ||
| 040 |
_aDO-SdBNP _bspa _cBPMSU |
||
| 082 |
_aRD861.44 _bP438b 2007 _222 |
||
| 100 | 1 |
_aPérez, Isael _d1961- |
|
| 245 | 1 | 0 |
_aBurócratas del polvo y A ras de tierra / _cIsael Pérez. |
| 246 | 1 | 3 | _aA ras de tierra |
| 260 |
_aSanto Domngo : _bBúho, _c2007 |
||
| 300 |
_a98 p. : _bretr. ; _c21 cm. |
||
| 500 | _aIncluye datos biográficos del autor en la solapa de la cubierta | ||
| 563 | _aDos obras encuadernadas juntas con paginación continua | ||
| 590 | _a Inventariado, 2022/VM | ||
| 650 | 0 | _aPoesía dominicana | |
| 650 | 4 | _aLiteratura dominicana. | |
| 740 | _aA ras de tierra | ||
| 910 | _aVMateo V. /Validado | ||
| 942 |
_2ddc _cBK |
||
| 999 |
_c14246 _d14246 |
||